000 01043nam a2200217 a 4500
001 21398
003 CO-ViMGA
008 141112s2004 ck r 000 u spa d
020 _a9702608414
040 _aCO-ViMGA
_bspa
_cCO-ViMGA
082 0 4 _a616.89 S171p
100 1 _aSarason, Irwin G.; Sarason, Barbara R.
_930556
245 1 0 _aPsicopatología :
_bPsicología anormal :
_bEl problema de la conducta inadaptada
250 _a11
260 _aMexico; Perason educación,
_c2006
300 _a704
505 _aInvestigaciónes en la psicología anormal 28 - - Panorama histórico de la conducta anormal 10 - - La empresa terapeutica : Opciones, tecnicas y evaluación 87 - - Desadapataciones orgánicas. Transtornos de la conducta alimentaria, del sueño y psicofisiológicos 182 - - Esquizofrenia y otros transtronos pasicóticos 372
590 _aForma de adquisición : Compra fact. 0865 - - Precio : 90200 - - Proveedor : Temas y libros - - Fecha de adquisición : Mayo 2007
650 1 4 _aPSICOPATOLOGIA
_92815
942 _2ddc
_cBK
999 _c30014
_d30014